000 nam a22 7a 4500
999 _c7163
_d7163
008 170725b xxu||||| |||| 00| 0 eng d
100 _93739
_aSingh Jyoti
245 _aObject Oriented Systems & Concepts of C++
260 _aNew Delhi
_bACME Learning Pvt Ltd
_c2010